<?xml version="1.0" encoding="UTF-8"?>
<collection xmlns="http://www.loc.gov/MARC21/slim">
 <record>
  <leader>01226nam a2200241Ia 4500</leader>
  <controlfield tag="001">CTU_148086</controlfield>
  <controlfield tag="008">210402s9999    xx            000 0 und d</controlfield>
  <datafield tag="020" ind1=" " ind2=" ">
   <subfield code="c">11000</subfield>
  </datafield>
  <datafield tag="082" ind1=" " ind2=" ">
   <subfield code="a">344.59709</subfield>
  </datafield>
  <datafield tag="082" ind1=" " ind2=" ">
   <subfield code="b">L504</subfield>
  </datafield>
  <datafield tag="110" ind1=" " ind2=" ">
   <subfield code="a">Việt Nam ( Cộng hòa Xã hội chủ nghĩa )</subfield>
  </datafield>
  <datafield tag="110" ind1=" " ind2=" ">
   <subfield code="b">Quốc hội</subfield>
  </datafield>
  <datafield tag="245" ind1=" " ind2="0">
   <subfield code="a">Luật Di sản văn hoá năm 2001 được sửa đổi, bổ sung năm 2009</subfield>
  </datafield>
  <datafield tag="260" ind1=" " ind2=" ">
   <subfield code="a">Hà Nội</subfield>
  </datafield>
  <datafield tag="260" ind1=" " ind2=" ">
   <subfield code="b">Chính trị Quốc gia</subfield>
  </datafield>
  <datafield tag="260" ind1=" " ind2=" ">
   <subfield code="c">2009</subfield>
  </datafield>
  <datafield tag="520" ind1=" " ind2=" ">
   <subfield code="a">Trình bày nội dung luật di sản văn hoá năm 2001, luật sửa đổi, bổ sung năm 2009 bao gồm 74 điều với các phần qui định chung, quyền và nghĩa vụ của tổ chức cá nhân đối với di sản văn hoá, bảo vệ và phát huy giá trị di sản văn hoá phi vật thể, văn hoá vật thể, quản lí nhà nước về di sản văn hoá</subfield>
  </datafield>
  <datafield tag="650" ind1=" " ind2=" ">
   <subfield code="a">Cultural property,Luật bảo vệ di sản văn hóa</subfield>
  </datafield>
  <datafield tag="650" ind1=" " ind2=" ">
   <subfield code="x">Protection</subfield>
  </datafield>
  <datafield tag="650" ind1=" " ind2=" ">
   <subfield code="y">Law and legislation</subfield>
  </datafield>
  <datafield tag="650" ind1=" " ind2=" ">
   <subfield code="z">Vietnam</subfield>
  </datafield>
  <datafield tag="904" ind1=" " ind2=" ">
   <subfield code="i">Nguyên</subfield>
  </datafield>
  <datafield tag="980" ind1=" " ind2=" ">
   <subfield code="a">Trung tâm Học liệu Trường Đại học Cần Thơ</subfield>
  </datafield>
 </record>
</collection>
